| 000 | 00570nam a2200181Ia 4500 | ||
|---|---|---|---|
| 005 | 20250508160339.0 | ||
| 008 | 008 250505s9999 xx 000 0 eng d | ||
| 037 | _aTextual | ||
| 040 |
_aFEDL _beng _cFEDL |
||
| 041 |
_aeng _2eng |
||
| 084 |
_a378.15, BRI _qFEDL |
||
| 100 |
_aBrick Michael _9768321 |
||
| 245 | 0 | _aForum and focus for the junior college movement: The American association of junior colleges | |
| 260 |
_aNew York, USA _bBureau of Publications _c1964 |
||
| 300 | _ax,222p. | ||
| 942 |
_cTEXL _h378.15, BRI |
||
| 999 |
_c1363906 _d1363906 |
||